00375nam a2200157Ia 4500008004100000020001500041041000800056082001500064100002400079245002200103250000600125260003400131300000800165650002000173700002400193210716s1996 xx 000 0 und d a0697316165 aeng a174.4 RICJ aRichardson, John E. aBusiness ethics . a8 aUSAbDushkin Publishingc1996 a240 aBusiness Ethics aRichardson, John E.